| 000 | 00572nam a22001817a 4500 | ||
|---|---|---|---|
| 999 |
_c9152 _d9152 |
||
| 003 | AR-CdUCM | ||
| 008 | 190327b ||||| |||| 00| 0 spa d | ||
| 040 |
_aMUNICIPALIDAD PROVINCIAL DEL CUSCO _cBIBLIOTECA MUNICIPAL DEL CUSCO |
||
| 082 |
_a985.018 / _bI46 |
||
| 110 |
_aInstituto Nacional de Cultura _99 |
||
| 245 |
_aWillakuyninchis : _btradición oral contemporánea del Cusco / |
||
| 260 |
_aCusco : _bINC, _c2006. |
||
| 300 |
_a102 páginas ; _c21 cm. |
||
| 505 | _aCuentos en quechua. | ||
| 650 |
_acuentos. _93009 |
||
| 942 |
_2ddc _cLIBROS |
||
| 945 |
_apjha _d2019-04-22 |
||